| 000 | 00596cam a22002053a 4500 | ||
|---|---|---|---|
| 001 | 35838 | ||
| 003 | PGUSA | ||
| 005 | 20140828083754.0 | ||
| 008 | 110412s2011||||xxu|||||s|||||000 | eng d | ||
| 040 |
_aPGUSA _beng |
||
| 042 | _adc | ||
| 100 | 1 | _aCross, Frank B. | |
| 245 | 1 | 0 |
_aFive Natural Hybrid Combinations in Minnows (Cyprinidae) _h[electronic resource] / _cFrank B. Cross |
| 260 |
_bProject Gutenberg, _c2011 |
||
| 506 | _aPublic domain in the USA. | ||
| 516 | _aElectronic text | ||
| 830 | 0 |
_aProject Gutenberg _v35838 |
|
| 856 | 4 | 0 | _uhttp://www.gutenberg.org/ebooks/35838 |
| 942 | _cEB | ||
| 999 |
_c265093 _d265093 |
||